| 000 | 01336cam a22003494a 4500 | ||
|---|---|---|---|
| 001 | 13894005 | ||
| 003 | NUST-PNEC | ||
| 005 | 20170116180707.0 | ||
| 008 | 050309s2000 vau f 000 0 eng c | ||
| 010 | _a 2005700021 | ||
| 015 | _aGBA0-51118 | ||
| 020 | _a0710622880 | ||
| 035 | _a(CStRLIN)NYPGR44695453-B | ||
| 035 | _a(OCoLC)44695453 | ||
| 035 | _a(WaOLN)M030000113 | ||
| 040 |
_a*UKM* _cPNEC _dTxCM |
||
| 042 | _apcc | ||
| 043 | _an-us--- | ||
| 050 | 0 | 0 |
_aTH9730 _b.K69 2000 |
| 082 | 0 | 0 | _a363.28 KOZ |
| 100 | 1 |
_aKozlow, Christopher, _d1965- |
|
| 245 | 1 | 0 |
_aJane's facility security handbook / _cChristopher Kozlow, John Sullivan. |
| 260 |
_aAlexandria, Va. : _bJane's Information Group, _c2000. |
||
| 300 |
_a320 p. ; _c16 cm. |
||
| 500 | _ahttp://www.amazon.com/Facility-Security-Handbook-Christopher-Kozlow/dp/0710622880/ref=sr_1_1?s=books&ie=UTF8&qid=1411709919&sr=1-1&keywords=0710622880 | ||
| 650 | 0 |
_aSecurity systems _vHandbooks, manuals, etc. - MIS |
|
| 700 | 1 |
_aSullivan, John P., _d1959- |
|
| 710 | 2 | _aJane's Information Group. | |
| 906 |
_a7 _bcbc _cpccadap _d2 _encip _f20 _gy-gencatlg |
||
| 942 |
_2ddc _cBK |
||
| 999 |
_c60757 _d60757 |
||